书目信息 |
| 题名: |
行政征收研究
|
|
| 作者: | 沈开举 著 | |
| 分册: | ||
| 出版信息: | 北京 人民出版社 2001 |
|
| 页数: | 336页 | |
| 开本: | 20cm | |
| 丛书名: | 国家公务员依法行政丛书 | |
| 单 册: | ||
| 中图分类: | F812.42 | |
| 科图分类: | ||
| 主题词: | 税收收入--中国 | |
| 电子资源: | ||
| ISBN: | 7-01-003549-0 | |
| 000 | 00644nam0 2200229 450 | |
| 001 | 0530691108 | |
| 005 | 20051031083620.65 | |
| 010 | @a7-01-003549-0@dCNY19.00 | |
| 092 | @aCN | |
| 100 | @a20051031d2001 km y0chiy0120 ea | |
| 101 | 0 | @achi |
| 102 | @aCN@b110000 | |
| 200 | 1 | @a行政征收研究@Axing zheng zheng shou yan jiu@f沈开举著@Fshen kai ju zhu |
| 210 | @a北京@c人民出版社@d2001 | |
| 215 | 1 | @a336页@d20cm |
| 225 | @a国家公务员依法行政丛书 | |
| 410 | 0 | @12001 @a国家公务员依法行政丛书 |
| 606 | 0 | @a税收收入@y中国 |
| 690 | @aF812.42@v4 | |
| 701 | 0 | @a沈开举@Ashen kai ju@4著 |
| 801 | 0 | @aCN@bPFT@c20051031 |
| 905 | @a10447@dF812.42@e29 | |
| 行政征收研究/沈开举著.-北京:人民出版社,2001 |
| 336页;20cm.-(国家公务员依法行政丛书) |
| ISBN 7-01-003549-0:CNY19.00 |
| ● |
| 相关链接 |
|
|
|
|
正题名:行政征收研究
索取号:F812.42/29
 
预约/预借
| 序号 | 登录号 | 条形码 | 馆藏地/架位号 | 状态 | 备注 |
| 1 | 0337270 | 203372705 | 第一样本阅览室/ [索取号:F812.42/29] | 在馆 | |
| 2 | 0337271 | 203372714 | 第一借阅区/ [索取号:F812.42/29] | 在馆 | |
| 3 | 0337272 | 203372723 | 第一借阅区/ [索取号:F812.42/29] | 在馆 |